[Event "East Greenbush op"]
[Site "East Greenbush"]
[Date "2003.11.15"]
[Round "2"]
[White "Hartnett, John N"]
[Black "Snyder, Walter J"]
[Result "1-0"]
[WhiteElo "1471"]
[BlackElo "1308"]
[PlyCount "65"]
[EventDate "2003.11.15"]
[EventType "swiss"]
[EventRounds "4"]
[EventCountry "USA"]
[SourceTitle "EXT 2008"]
[Source "ChessBase"]
[SourceDate "2007.11.25"]
[SourceVersion "1"]
[SourceVersionDate "2007.11.25"]
[SourceQuality "1"]

1. e4 c5 2. Nc3 Nc6 3. g3 d6 4. Bg2 Nf6 5. d3 e6 6. Nge2 Be7 7. Be3 0-0 8. Nf4 e5 9. Nfd5 Be6 10. Nxe7+ Qxe7 11. h3 Qc7 12. Bg5 Qd8 13. Qd2 Nd4 14. 0-0-0 h6 15. Be3 a6 16. f4 b5 17. f5 Bd7 18. g4 b4 19. Ne2 Nb5 20. g5 Qa5 21. Kb1 Nh7 22. gxh6 g6 23. Rdg1 Qd8 24. Bf3 Qf6 25. h4 Bxf5 26. exf5 Qxf5 27. Bxa8 Rxa8 28. h5 Kh8 29. hxg6 fxg6 30. Ng3 Qf8 31. Ne4 Rd8 32. Qg2 g5 33. Nxg5 1-0

[Event "Schenectady op10a"]
[Site "Schenectady"]
[Date "2003.10.04"]
[Round "3"]
[White "Hartnett, John N"]
[Black "English, Kurt M"]
[Result "1-0"]
[WhiteElo "1471"]
[BlackElo "1575"]
[PlyCount "49"]
[EventDate "2003.10.04"]
[EventType "swiss"]
[EventRounds "4"]
[EventCountry "USA"]
[SourceTitle "EXT 2008"]
[Source "ChessBase"]
[SourceDate "2007.11.25"]
[SourceVersion "1"]
[SourceVersionDate "2007.11.25"]
[SourceQuality "1"]

1. e4 c5 2. Nc3 Nc6 3. g3 Nf6 4. Bg2 e6 5. Nge2 d5 6. exd5 exd5 7. d4 b6 8. dxc5 bxc5 9. Nxd5 Bb7 10. 0-0 g6 11. Bg5 Bg7 12. Nxf6+ Bxf6 13. Qxd8+ Bxd8 14. Be3 Bb6 15. a3 0-0 16. Nc3 Rad8 17. Rad1 Na5 18. Bxb7 Nxb7 19. Ne4 c4 20. Bh6 Rxd1 21. Rxd1 Rc8 22. Rd7 Nc5 23. Nf6+ Kh8 24. Rxf7 Ne6 25. Rxh7# 1-0